International marketing strategy and export performance : (Record no. 142540)
[ view plain ]
| 000 -LEADER | |
|---|---|
| fixed length control field | 00791nam a22002177a 4500 |
| 005 - DATE AND TIME OF LATEST TRANSACTION | |
| control field | 20170713143530.0 |
| 010 ## - LCCN (DPL NO) | |
| LC control number | ENG-119174 |
| 020 ## - INTERNATIONAL STANDARD BOOK NUMBER | |
| International Standard Book Number | 9788175418226 |
| Terms of availability | 750.00 |
| 035 ## - SYSTEM CONTROL NUMBER | |
| System control number | EN-102706 |
| 037 ## - SOURCE OF ACQUISITION | |
| Source of stock number/acquisition | DBAD/PUB |
| 082 ## - DEWEY DECIMAL CLASSIFICATION NUMBER | |
| Classification number | 382.609595 |
| 100 ## - MAIN ENTRY--PERSONAL NAME | |
| Personal name | Saad Dubayyan Alshmmari |
| 245 ## - TITLE STATEMENT | |
| Title | International marketing strategy and export performance : |
| Statement of responsibility, etc | by Saad Dubayyan Alshmmari,Rabiul Islam [and] Ahmad Bashawir Ghani |
| Remainder of title | with special refernces ti Malaysia / |
| 260 ## - PUBLICATION, DISTRIBUTION, ETC. (IMPRINT) | |
| Place of publication, distribution, etc | Delhi |
| Name of publisher, distributor, etc | Shipra Publications |
| Date of publication, distribution, etc | 2015 |
| 270 ## - ADDRESS | |
| Address | LG-18-19,Pankaj Central Market,I.P.Ext. Patparganj |
| City | Delhi |
| Postal code | 110092 |
| 300 ## - PHYSICAL DESCRIPTION | |
| Extent | vii,146p. |
| Dimensions | 23cm(Hb) |
| 500 ## - GENERAL NOTE | |
| General note | Includes references and index |
| 700 ## - ADDED ENTRY--PERSONAL NAME | |
| Personal name | Rabiul Islam |
| 700 ## - ADDED ENTRY--PERSONAL NAME | |
| Personal name | Ahmad Bashawir Ghani |
| 942 ## - ADDED ENTRY ELEMENTS (KOHA) | |
| Source of classification or shelving scheme | Dewey Decimal Classification |
| Item type | English Books |
| Classification part | 382.609595 |
| Call number suffix | SAA |
| Withdrawn status | Lost status | Not for loan | Collection code | Home library | Current library | Date acquired | Source of acquisition | Cost, normal purchase price | Full call number | Barcode | Copy number | Cost, replacement price | Koha item type |
|---|---|---|---|---|---|---|---|---|---|---|---|---|---|
| Not For Loan | Non-fiction | D.B.Act.Division | D.B.Act.Division | 13/07/2017 | DBAD/PUB | 750.00 | 382.609595 SAA | EN-102706 | 1 | 750.00 | English Books |
